[Event "24th ch-EUR Indiv w 2024"]
[Site "Rhodes GRE"]
[Date "2024.04.28"]
[Round "9.2"]
[White "Buksa, Nataliya"]
[Black "Wagner, Dinara"]
[Result "1/2-1/2"]
[WhiteTitle "IM"]
[BlackTitle "IM"]
[WhiteElo "2394"]
[BlackElo "2453"]
[WhiteFideId "14123622"]
[BlackFideId "24157570"]
[EventDate "2024.04.19"]

1. e4 e5 2. Nf3 Nc6 3. Bb5 a6 4. Ba4 Nf6 5. Nc3 Bc5 6. O-O O-O 7. Bxc6 dxc6 8.
d3 Qe7 9. h3 Ne8 10. Be3 Bxe3 11. fxe3 Nd6 12. Qe1 f6 13. a4 a5 14. Qh4 Bd7 15.
Kh2 Nf7 16. Qf2 c5 17. Nh4 Nd6 18. g4 c4 19. dxc4 Nxc4 20. b3 Nb6 21. Rad1 Qc5
22. Nd5 Be6 23. c4 Rf7 24. Nf5 Nxd5 25. exd5 Bxf5 26. gxf5 e4 27. Rd4 Re8 28.
Qc2 Qd6+ 29. Rf4 c5 30. dxc6 Qxc6 31. Rfxe4 Rfe7 32. Rxe7 Rxe7 33. Qd3 h6 34.
Rd8+ Kh7 35. Qd5 Qxd5 36. Rxd5 Rxe3 37. Rb5 h5 38. h4 g5 39. Rxa5 Rxb3 40. Rb5
Ra3 41. Rxb7+ Kh6 42. Rf7 gxh4 43. Rxf6+ Kg5 44. Rf8 1/2-1/2

[Event "24th ch-EUR Indiv w 2024"]
[Site "Rhodes GRE"]
[Date "2024.04.28"]
[Round "9.3"]
[White "Mammadzada, Gunay"]
[Black "Osmak, Yuliia"]
[Result "1-0"]
[WhiteTitle "IM"]
[BlackTitle "IM"]
[WhiteElo "2436"]
[BlackElo "2459"]
[WhiteFideId "13403729"]
[BlackFideId "14101602"]
[EventDate "2024.04.19"]

1. e4 e6 2. d4 d5 3. Nc3 Nf6 4. e5 Nfd7 5. f4 c5 6. Nf3 Nc6 7. Be3 Be7 8. Qd2 a6
9. dxc5 Nxc5 10. O-O-O Qa5 11. Kb1 b5 12. Bd3 b4 13. Ne2 Bd7 14. Nc1 Qc7 15. Nb3
Na5 16. Nxc5 Bxc5 17. Bxc5 Qxc5 18. g4 Bb5 19. f5 Bxd3 20. cxd3 Qe7 21. Qf4
O-O-O 22. Rc1+ Kb7 23. f6 gxf6 24. exf6 Qd6 25. Ne5 Rc8 26. Qd4 Qb6 27. Qxb6+
Kxb6 28. Nxf7 Rhg8 29. Rxc8 Rxc8 30. Ne5 Rd8 31. Rc1 Nb7 32. f7 1-0

[Event "24th ch-EUR Indiv w 2024"]
[Site "Rhodes GRE"]
[Date "2024.04.28"]
[Round "9.4"]
[White "Javakhishvili, Lela"]
[Black "Balajayeva, Khanim"]
[Result "1/2-1/2"]
[WhiteTitle "IM"]
[BlackTitle "IM"]
[WhiteElo "2447"]
[BlackElo "2371"]
[WhiteFideId "13601458"]
[BlackFideId "13406396"]
[EventDate "2024.04.19"]

1. d4 Nf6 2. c4 e6 3. Nf3 d5 4. Nc3 Be7 5. cxd5 exd5 6. Bf4 c6 7. Qc2 g6 8. h3
Bf5 9. Qb3 Qb6 10. g4 Be4 11. Bg2 Bxf3 12. Bxf3 Qxb3 13. axb3 Na6 14. g5 Nd7 15.
h4 h5 16. gxh6 Nf8 17. e4 dxe4 18. Bxe4 Nb4 19. O-O-O Ne6 20. Be3 f5 21. Bb1 f4
22. Bxg6+ Kd7 23. Bd2 Rxh6 24. h5 Rxg6 25. hxg6 Nd3+ 26. Kb1 Nxf2 27. d5 cxd5
28. Nxd5 Nxh1 29. Rxh1 Bg5 30. Rh7+ Kd6 31. Nc3 Ke5 32. Rxb7 a6 33. Rd7 Kf5 34.
g7 Rg8 1/2-1/2

[Event "24th ch-EUR Indiv w 2024"]
[Site "Rhodes GRE"]
[Date "2024.04.28"]
[Round "9.5"]
[White "Maltsevskaya, Aleksandra"]
[Black "Batsiashvili, Nino"]
[Result "0-1"]
[WhiteTitle "IM"]
[BlackTitle "GM"]
[WhiteElo "2393"]
[BlackElo "2445"]
[WhiteFideId "24174041"]
[BlackFideId "13602993"]
[EventDate "2024.04.19"]

1. e4 c5 2. b3 Nc6 3. Bb2 e5 4. Bc4 d6 5. f4 exf4 6. Qf3 Ne5 7. Qxf4 Nxc4 8.
bxc4 Qb6 9. Bc3 Ne7 10. Nf3 Ng6 11. Qg3 f6 12. O-O Be7 13. h4 Be6 14. d3 O-O 15.
Nbd2 Ne5 16. h5 Qc7 17. Nh4 Rf7 18. Rf2 Qd7 19. Nf1 f5 20. exf5 Bxh4 21. Qxh4
Rxf5 22. Rxf5 Bxf5 23. Re1 Re8 24. Ng3 h6 25. Qf4 Bg4 26. Bxe5 dxe5 27. Rxe5 Rf8
28. Qe4 Qd4+ 29. Qxd4 cxd4 30. Re4 Bd1 31. Rxd4 Bxc2 32. Rd7 Rf7 33. Rd8+ Kh7
34. Ne4 b6 35. Nd6 Rf4 36. Nb5 a6 37. Nc7 Rf5 38. Rd5 Rxd5 39. Nxd5 Bxd3 40.
Nxb6 Kg8 41. Kf2 Kf7 42. Ke3 Bf1 43. g3 Ke6 44. Kd4 Be2 45. Nd5 Kd6 46. c5+ Kc6
47. a3 Bxh5 48. Nb4+ Kb5 49. Kd5 a5 50. Nd3 Bf3+ 51. Kd4 h5 52. Ne5 Bg2 53. Ng6
Bf3 54. Nh4 Ba8 55. Nf5 g5 56. Nd6+ Ka4 57. Ke5 Kxa3 58. Kf5 Kb4 59. Kxg5 a4 60.
Nf5 a3 61. Nd4 a2 0-1

[Event "24th ch-EUR Indiv w 2024"]
[Site "Rhodes GRE"]
[Date "2024.04.28"]
[Round "9.6"]
[White "Tsolakidou, Stavroula"]
[Black "Sliwicka, Alicja"]
[Result "1-0"]
[WhiteTitle "IM"]
[BlackTitle "WIM"]
[WhiteElo "2424"]
[BlackElo "2315"]
[WhiteFideId "4264312"]
[BlackFideId "1150677"]
[EventDate "2024.04.19"]

1. c4 e6 2. g3 d5 3. Bg2 Nf6 4. Nf3 Bd6 5. d4 h6 6. Nc3 Nc6 7. c5 Be7 8. Bf4 O-O
9. Rb1 a5 10. a3 Nh5 11. Bd2 b6 12. b4 axb4 13. axb4 bxc5 14. dxc5 Na7 15. O-O
Nf6 16. Ne5 Nd7 17. Nd3 c6 18. Ra1 Bf6 19. f4 Qc7 20. Ra5 Bb7 21. e4 Bd4+ 22.
Kh1 dxe4 23. Nxe4 Nb5 24. Rxa8 Rxa8 25. Qc2 f5 26. Nc3 Ba6 27. Ra1 Ra7 28. Nc1
Bf6 29. Nb3 Nb8 30. Re1 Na3 31. Qc1 Nc4 32. Rxe6 Qf7 33. Re1 Rd7 34. b5 cxb5 35.
c6 Rd6 36. c7 Qxc7 37. Nd5 Qf7 38. Nxf6+ Rxf6 39. Bc3 Re6 40. Nc5 Rxe1+ 41. Qxe1
Bc8 42. Qb1 Qe8 43. Qd3 Qe3 44. Qd8+ Kh7 45. Bd4 Qd2 46. Bd5 Bd7 47. Qg8+ Kg6
48. Bf7# 1-0

[Event "24th ch-EUR Indiv w 2024"]
[Site "Rhodes GRE"]
[Date "2024.04.28"]
[Round "9.7"]
[White "Sieber, Fiona"]
[Black "Mkrtchian, Lilit"]
[Result "0-1"]
[WhiteTitle "WGM"]
[BlackTitle "IM"]
[WhiteElo "2222"]
[BlackElo "2366"]
[WhiteFideId "12902373"]
[BlackFideId "13300601"]
[EventDate "2024.04.19"]

1. e4 c6 2. d4 d5 3. e5 Bf5 4. h4 h5 5. Bg5 Qb6 6. Bd3 Qxd4 7. Nf3 Qg4 8. Bxf5
Qxf5 9. O-O f6 10. c4 fxg5 11. cxd5 gxh4 12. Qb3 b6 13. Rc1 Rh6 14. Nbd2 h3 15.
g3 h4 16. dxc6 hxg3 17. fxg3 Nxc6 18. Qxg8 Nxe5 19. Qb3 Nxf3+ 20. Nxf3 Rd8 21.
Rf1 Rf6 22. Qa4+ b5 23. Qxa7 Qg4 24. Qc7 Rc8 25. Qe5 Rf5 26. Nh2 Rxe5 27. Nxg4
Rg5 28. Rf4 e5 29. Re4 Rc2 30. b4 Bd6 31. a4 bxa4 32. Rxa4 Rg2+ 33. Kh1 Rxg3 34.
b5 Rb3 35. Kh2 Rf5 36. Rad4 Rb2+ 37. Kg3 Ke7 38. Rd3 Rh5 39. Nh2 Rg2+ 40. Kf3
Rf5+ 0-1

[Event "24th ch-EUR Indiv w 2024"]
[Site "Rhodes GRE"]
[Date "2024.04.28"]
[Round "9.8"]
[White "Efroimski, Marsel"]
[Black "Melia, Salome"]
[Result "0-1"]
[WhiteTitle "IM"]
[BlackTitle "IM"]
[WhiteElo "2457"]
[BlackElo "2322"]
[WhiteFideId "2810964"]
[BlackFideId "13602446"]
[EventDate "2024.04.19"]

1. e4 c5 2. Nf3 Nc6 3. Bb5 d6 4. O-O Bd7 5. Re1 a6 6. Bxc6 Bxc6 7. d4 cxd4 8.
Nxd4 Rc8 9. b3 Nf6 10. Nxc6 Rxc6 11. Bb2 e6 12. c4 Be7 13. Nc3 O-O 14. Qd2 Qa5
15. Rad1 Kh8 16. a4 Qh5 17. Re3 Qg5 18. Qe2 Rb6 19. Nd5 exd5 20. exd5 Bd8 21. a5
Rb4 22. Qd2 Ng4 23. Qxb4 Nxe3 24. fxe3 Qxe3+ 25. Kh1 Qe2 26. Qd2 Qxd2 27. Rxd2
Re8 28. Kg1 Bxa5 29. Rd3 Bb4 30. Kf2 Kg8 31. Bc3 Bc5+ 32. Bd4 Bxd4+ 33. Rxd4 a5
34. Rd2 Kf8 35. Ra2 b6 36. b4 Ra8 37. Ra4 Ke7 38. Ke3 Kd7 39. Kd4 Kc7 40. Ra3 a4
41. b5 Kd7 42. Ke4 Ke7 43. g4 Kf6 44. h4 Kg6 45. Kf4 h5 46. g5 f6 47. gxf6 Kxf6
48. Ke4 g5 49. Rf3+ Kg6 50. Rg3 g4 51. Ra3 Kf6 52. Kf4 Ra7 53. Ke4 Rg7 54. Rxa4
g3 55. Ra1 g2 56. Rg1 Rg4+ 57. Kf3 Ke5 58. Rxg2 Rxg2 59. Kxg2 Kd4 60. Kf3 Kxc4
61. Kf4 Kxd5 62. Kg5 Ke5 63. Kxh5 Kf5 64. Kh6 d5 65. h5 d4 66. Kg7 d3 67. h6 d2
68. h7 d1=Q 69. h8=Q Qd4+ 70. Kg8 Qxh8+ 71. Kxh8 Ke5 72. Kg7 Kd5 73. Kf6 Kc5 74.
Ke5 Kxb5 75. Kd4 Kb4 76. Kd3 Kb3 77. Kd2 b5 78. Kc1 Ka2 79. Kc2 b4 0-1

[Event "24th ch-EUR Indiv w 2024"]
[Site "Rhodes GRE"]
[Date "2024.04.28"]
[Round "9.9"]
[White "Zimina, Olga"]
[Black "Socko, Monika"]
[Result "1-0"]
[WhiteTitle "IM"]
[BlackTitle "GM"]
[WhiteElo "2299"]
[BlackElo "2428"]
[WhiteFideId "4132190"]
[BlackFideId "1106619"]
[EventDate "2024.04.19"]

1. Nf3 d5 2. d4 Nf6 3. g3 e6 4. Bg2 Be7 5. O-O O-O 6. b3 b6 7. c4 Bb7 8. Nc3 Na6
9. Ne5 c5 10. cxd5 Nxd5 11. Nxd5 exd5 12. Bb2 Rc8 13. Rc1 Rc7 14. Qd2 Re8 15.
dxc5 Nxc5 16. Rfd1 f6 17. Ng4 Bf8 18. Ne3 Rd7 19. Nf5 Ne4 20. Qd3 Bc5 21. Bd4
Ba3 22. Rc2 Rc7 23. Bxb6 axb6 24. Bxe4 Bc5 25. Rcd2 Rd7 26. Bf3 Qa8 27. Nd4 Qa5
28. Qb5 Qxb5 29. Nxb5 Red8 30. e3 d4 31. Bxb7 dxe3 32. Rxd7 Rxd7 33. Bf3 exf2+
34. Kf1 Re7 35. Nc3 Re3 36. Bd5+ Kf8 37. Ne4 Re1+ 38. Rxe1 fxe1=R+ 39. Kxe1 Bg1
40. h3 Ke7 41. Ke2 Bd4 42. Kf3 f5 43. Nf2 g5 44. Nd3 h5 45. Ke2 Kf6 46. Bc6 Ke7
47. a4 Kf7 48. Bd7 Kf6 49. Be8 h4 50. gxh4 gxh4 51. Ne1 Ke7 52. Nf3 Bf6 53. Bg6
Ke6 54. Kd3 Be7 55. Nd4+ Ke5 56. Nc6+ 1-0

[Event "24th ch-EUR Indiv w 2024"]
[Site "Rhodes GRE"]
[Date "2024.04.28"]
[Round "9.10"]
[White "Beydullayeva, Govhar"]
[Black "Kubicka, Anna"]
[Result "1/2-1/2"]
[WhiteTitle "WGM"]
[BlackTitle "WIM"]
[WhiteElo "2402"]
[BlackElo "2292"]
[WhiteFideId "13413015"]
[BlackFideId "1152254"]
[EventDate "2024.04.19"]

1. d4 Nf6 2. c4 e6 3. Nf3 Bb4+ 4. Nbd2 O-O 5. a3 Be7 6. e4 d6 7. Be2 Nfd7 8. Nb1
e5 9. Nc3 exd4 10. Nxd4 Nc6 11. Be3 Bf6 12. O-O Re8 13. f4 Nxd4 14. Bxd4 c6 15.
Bf3 Nc5 16. Rb1 Bxd4+ 17. Qxd4 Ne6 18. Qd2 Qf6 19. f5 Qd4+ 20. Rf2 Qxd2 21. Rxd2
Ng5 22. Rxd6 g6 23. fxg6 hxg6 24. b3 Kg7 25. Rbd1 Be6 26. Be2 f6 27. h3 Nf7 28.
R6d2 Ne5 29. Na4 b6 30. Rd6 Rac8 31. Nb2 Nf7 32. Rxe6 Rxe6 33. Bg4 Rce8 34. Bxe6
Rxe6 35. Rd7 Rd6 36. Rc7 b5 37. cxb5 cxb5 38. Rc2 Ng5 39. a4 a6 40. Re2 Re6 41.
e5 fxe5 42. Nd3 bxa4 43. bxa4 Nf7 44. a5 Rd6 45. Nc5 1/2-1/2

[Event "24th ch-EUR Indiv w 2024"]
[Site "Rhodes GRE"]
[Date "2024.04.28"]
[Round "9.11"]
[White "Milliet, Sophie"]
[Black "Toncheva, Nadya"]
[Result "0-1"]
[WhiteTitle "IM"]
[BlackTitle "FM"]
[WhiteElo "2392"]
[BlackElo "2258"]
[WhiteFideId "623725"]
[BlackFideId "2924056"]
[EventDate "2024.04.19"]

1. e4 c5 2. Nf3 e6 3. d4 cxd4 4. Nxd4 Nc6 5. c4 Nf6 6. Nc3 Bb4 7. Nxc6 bxc6 8.
Bd3 d6 9. O-O Bc5 10. Rb1 a5 11. a3 e5 12. b4 axb4 13. axb4 Bd4 14. Ne2 Bb6 15.
Qc2 O-O 16. Bg5 Be6 17. Kh1 h6 18. Bh4 g5 19. Bg3 Ra3 20. Rfd1 Qe7 21. Ra1 Rfa8
22. Rxa3 Rxa3 23. Qc1 Ra4 24. Qb2 Qa7 25. c5 dxc5 26. Qxe5 Ng4 27. Qd6 c4 28.
Bb1 Bc7 29. Qe7 Ra1 30. f3 Bxg3 31. Qd8+ Kg7 32. fxg4 Be5 33. Ng3 Bxg3 34. hxg3
Qf2 35. e5 Bd5 36. Qf6+ Qxf6 37. exf6+ Kxf6 38. Rf1+ Ke5 39. Re1+ Kd4 40. Kg1
Kc3 41. Kf2 Kb2 42. Bf5 Rxe1 43. Kxe1 c3 0-1

[Event "24th ch-EUR Indiv w 2024"]
[Site "Rhodes GRE"]
[Date "2024.04.28"]
[Round "9.12"]
[White "Daulyte-Cornette, Deimante"]
[Black "Krasteva, Beloslava"]
[Result "1/2-1/2"]
[WhiteTitle "IM"]
[BlackTitle "FM"]
[WhiteElo "2381"]
[BlackElo "2220"]
[WhiteFideId "12802859"]
[BlackFideId "2922029"]
[EventDate "2024.04.19"]

1. e4 c5 2. Nf3 Nf6 3. e5 Nd5 4. Nc3 e6 5. Ne4 f5 6. Nc3 Nb4 7. a3 N4c6 8. Bc4
Nd4 9. d3 Nbc6 10. Bf4 Be7 11. Nxd4 cxd4 12. Nb5 a6 13. Nd6+ Bxd6 14. exd6 O-O
15. Qd2 b5 16. Ba2 Bb7 17. O-O Kh8 18. c3 Qf6 19. Bg5 Qg6 20. f4 e5 21. Be7 dxc3
22. bxc3 Nxe7 23. dxe7 Rfe8 24. fxe5 Rxe7 25. d4 Rf8 26. Rae1 d6 27. exd6 Qxd6
28. Rxe7 Qxe7 29. d5 Qd6 30. Rf4 h6 31. h3 Bc8 32. a4 Re8 33. a5 Bd7 34. Rf1 Qc7
35. d6 Qxa5 36. Kh1 Qb6 37. Rd1 a5 38. Bf7 Rf8 39. Qd5 Qe3 40. Rd3 Qc1+ 41. Kh2
Qf4+ 42. Kg1 Qe4 43. Rd1 Qe3+ 44. Kh2 Qxc3 45. Be6 Qc8 46. Bxd7 Qxd7 47. Rc1 Rf6
48. Rc6 Kh7 49. Rb6 a4 50. Qc5 Rf8 51. Rxb5 a3 52. Ra5 Rf6 53. Qxa3 Rxd6 54.
Rxf5 Qxf5 1/2-1/2

[Event "24th ch-EUR Indiv w 2024"]
[Site "Rhodes GRE"]
[Date "2024.04.28"]
[Round "9.13"]
[White "Hejazipour, Mitra"]
[Black "Ibrahimova, Sabina"]
[Result "0-1"]
[WhiteTitle "WGM"]
[BlackTitle "WIM"]
[WhiteElo "2376"]
[BlackElo "2175"]
[WhiteFideId "12505951"]
[BlackFideId "13403893"]
[EventDate "2024.04.19"]

1. d4 Nf6 2. c4 g6 3. Nf3 Bg7 4. g3 O-O 5. Bg2 d6 6. O-O Nc6 7. d5 Na5 8. Na3 c5
9. Re1 e5 10. e4 a6 11. Bf1 Rb8 12. Bd2 b6 13. Rb1 Bd7 14. Nc2 b5 15. b4 Nxc4
16. bxc5 Nxd2 17. Qxd2 Bg4 18. Qe3 Bxf3 19. Qxf3 dxc5 20. a4 Qd7 21. Qc3 b4 22.
Qb3 Ra8 23. a5 Ne8 24. Ne3 Nd6 25. Nc4 Ra7 26. Nb6 Qc7 27. Qa4 f5 28. f3 fxe4
29. fxe4 Rf3 30. Bg2 Ra3 31. Qc6 Rxa5 32. Bh3 Rb5 33. Be6+ Kh8 34. Nd7 Qxc6 35.
dxc6 Rc7 36. Bb3 Ra5 37. Bd5 Rb5 38. Rbc1 b3 39. Rxc5 Rb4 40. Rb1 Bh6 41. Rc3 b2
42. Nc5 Nb5 43. Rb3 Bf8 44. Nd7 Rxb3 45. Bxb3 Ba3 46. Rf1 Rxc6 47. Nxe5 Rc1 48.
Ba2 Nc3 49. Nc4 Bc5+ 50. Kg2 Nxa2 0-1

[Event "24th ch-EUR Indiv w 2024"]
[Site "Rhodes GRE"]
[Date "2024.04.28"]
[Round "9.14"]
[White "Houska, Jovanka"]
[Black "Wikar, Martyna"]
[Result "0-1"]
[WhiteTitle "IM"]
[BlackTitle "WIM"]
[WhiteElo "2340"]
[BlackElo "2214"]
[WhiteFideId "405094"]
[BlackFideId "21807663"]
[EventDate "2024.04.19"]

1. d4 Nf6 2. Nf3 g6 3. g3 Bg7 4. Bg2 c5 5. c3 Na6 6. O-O O-O 7. a3 d5 8. b4 cxb4
9. cxb4 Ne4 10. Bb2 Nc7 11. Nbd2 Nd6 12. Ne5 h5 13. e3 Bf5 14. Qb3 e6 15. f3 g5
16. a4 a6 17. Rfc1 g4 18. fxg4 hxg4 19. Qd1 Nce8 20. Nxg4 Qg5 21. Bf3 Bxg4 22.
Bxg4 f5 23. Bf3 Qxe3+ 24. Kh1 Nf6 25. Qe1 Bh6 26. Qxe3 Bxe3 27. Rd1 Rac8 28. Nf1
Rc2 29. Rdb1 Rxb2 30. Nxe3 Rxb1+ 31. Rxb1 Rc8 32. Be2 Nfe4 33. Rf1 Rc3 34. Ng2
Nd2 35. Rd1 N2e4 36. Rf1 Rb3 37. Nf4 Rxb4 38. Nxe6 Rxa4 39. g4 Ra2 40. Nf4 fxg4
41. Rg1 Kh7 42. Bd3 Kh6 43. Bb1 Rd2 44. Rf1 g3 45. Ng2 Rxd4 46. Rc1 Rd2 47. hxg3
Nxg3+ 48. Kh2 Nge4 49. Rc7 a5 50. Kh3 a4 51. Nh4 a3 52. Bxe4 dxe4 53. Rc1 a2 54.
Kg4 Rb2 55. Ra1 b5 56. Rd1 Nc4 57. Nf5+ Kg6 58. Ne7+ Kf7 0-1

[Event "24th ch-EUR Indiv w 2024"]
[Site "Rhodes GRE"]
[Date "2024.04.28"]
[Round "9.15"]
[White "Kiolbasa, Oliwia"]
[Black "Savina, Anastasia"]
[Result "1/2-1/2"]
[WhiteTitle "IM"]
[BlackTitle "IM"]
[WhiteElo "2386"]
[BlackElo "2330"]
[WhiteFideId "1154613"]
[BlackFideId "4196872"]
[EventDate "2024.04.19"]

1. d4 Nf6 2. c4 e6 3. Nc3 Bb4 4. e3 O-O 5. Bd2 c5 6. a3 Bxc3 7. Bxc3 Ne4 8. Qc2
Nxc3 9. Qxc3 cxd4 10. exd4 Nc6 11. Nf3 d5 12. c5 e5 13. dxe5 d4 14. Qd2 Bg4 15.
Be2 Bxf3 16. Bxf3 Nxe5 17. O-O-O Nxf3 18. gxf3 Rc8 19. Qxd4 Qxd4 20. Rxd4 Rxc5+
21. Kd2 Rfc8 22. Rd1 g6 23. Ke3 Kg7 24. Rd5 Re8+ 25. Kf4 Rxd5 26. Rxd5 Re2 27.
Rb5 b6 28. Kg3 Kf6 29. f4 Rd2 30. Rb3 Rd5 31. Rc3 Rb5 32. Rc6+ Kg7 33. b4 a5 34.
Rc4 Rd5 35. Rc6 Rb5 36. Rc4 Rd5 37. Rc6 axb4 38. axb4 b5 39. Rb6 Rd3+ 40. Kg2
Rd5 41. Kf3 Rh5 42. Ke4 1/2-1/2

[Event "24th ch-EUR Indiv w 2024"]
[Site "Rhodes GRE"]
[Date "2024.04.28"]
[Round "9.16"]
[White "Vega Gutierrez, Sabrina"]
[Black "Benmesbah, Natacha"]
[Result "0-1"]
[WhiteTitle "IM"]
[BlackTitle "WIM"]
[WhiteElo "2383"]
[BlackElo "2306"]
[WhiteFideId "2219026"]
[BlackFideId "642002"]
[EventDate "2024.04.19"]

1. e4 c6 2. d4 d5 3. e5 c5 4. dxc5 e6 5. Bd3 Bxc5 6. Qg4 Kf8 7. Nf3 Nc6 8. a3
Qc7 9. Qf4 Nge7 10. b4 Bb6 11. O-O Ng6 12. Bxg6 hxg6 13. c4 dxc4 14. Nbd2 c3 15.
Nb3 Ne7 16. a4 Nd5 17. Qe4 a5 18. b5 Bd7 19. Ba3+ Kg8 20. Bd6 Qd8 21. Rfd1 Rc8
22. Rac1 Qe8 23. g3 Qd8 24. h4 Rh5 25. Ng5 Rxg5 26. hxg5 Qxg5 27. Kg2 Qf5 28.
Qe2 Qg5 29. Kf1 Qh5 30. Qe4 Qh3+ 31. Ke1 Qh2 32. Qf3 Rc4 33. Rc2 Rxa4 0-1

[Event "24th ch-EUR Indiv w 2024"]
[Site "Rhodes GRE"]
[Date "2024.04.28"]
[Round "9.17"]
[White "Heinemann, Josefine"]
[Black "Yao, Lan"]
[Result "1/2-1/2"]
[WhiteTitle "WGM"]
[BlackTitle "WGM"]
[WhiteElo "2303"]
[BlackElo "2370"]
[WhiteFideId "12900460"]
[BlackFideId "8610835"]
[EventDate "2024.04.19"]

1. c4 Nf6 2. g3 e6 3. Bg2 d5 4. Nf3 Be7 5. O-O O-O 6. d4 dxc4 7. Qc2 a6 8. a4
Bd7 9. Qxc4 Bc6 10. Bg5 Bd5 11. Qc2 Be4 12. Qc1 Nc6 13. Nbd2 Bg6 14. Nc4 h6 15.
Bxf6 Bxf6 16. Rd1 Bh5 17. Nce5 Bxe5 18. dxe5 Qe7 19. Qc3 Rad8 20. Rxd8 Rxd8 21.
Rc1 Rd7 22. e3 Nb4 23. Qb3 c5 24. Ne1 b5 25. axb5 axb5 26. Ra1 c4 27. Qc3 Bd1
28. Be4 g6 29. h4 h5 30. Ra8+ Kg7 31. Kg2 Qc5 32. Kh2 Nd5 33. Bxd5 Qxd5 34. Rb8
Qd2 35. Qa3 Rd8 36. Rxd8 Qxd8 37. Qc3 Qd5 38. Kg1 Bb3 39. f3 Qc5 40. Qd4 Qxd4
41. exd4 g5 42. Kf2 gxh4 43. gxh4 Kg6 44. Ng2 b4 45. Ne3 f6 46. f4 fxe5 47. dxe5
Ba2 48. Ke2 Kf7 49. Kd2 Kg6 50. Kc1 Bb3 51. Kd2 Kf7 52. Kc1 Ke7 53. Nf1 Ba4 54.
Ne3 Bb3 55. Nf1 Ba4 56. Ne3 Bb3 57. Nf1 1/2-1/2

[Event "24th ch-EUR Indiv w 2024"]
[Site "Rhodes GRE"]
[Date "2024.04.28"]
[Round "9.18"]
[White "Peycheva, Gergana"]
[Black "Guichard, Pauline"]
[Result "1-0"]
[WhiteTitle "FM"]
[BlackTitle "IM"]
[WhiteElo "2295"]
[BlackElo "2362"]
[WhiteFideId "2916711"]
[BlackFideId "639370"]
[EventDate "2024.04.19"]

1. d4 Nf6 2. Nf3 d5 3. Bf4 e6 4. e3 Bd6 5. Nbd2 Bxf4 6. exf4 b6 7. Ne5 O-O 8. h4
c5 9. h5 Nbd7 10. Ndf3 Bb7 11. c3 h6 12. Bd3 Ne4 13. g4 cxd4 14. cxd4 Nxe5 15.
Nxe5 Qe7 16. a3 a5 17. f3 Nd6 18. Qe2 Nc4 19. Kf2 Nxe5 20. Qxe5 f6 21. Qe3 Ba6
22. Bxa6 Rxa6 23. Rhe1 b5 24. Rac1 b4 25. f5 bxa3 26. bxa3 Rb6 27. Rc2 Kh8 28.
Kg2 a4 29. Rec1 e5 30. dxe5 Rb3 31. Qc5 Qxc5 32. Rxc5 fxe5 33. Rxd5 Re8 34. Rc7
e4 35. fxe4 Rxe4 36. Rd8+ Kh7 37. Rcc8 Rxg4+ 38. Kf2 Rf4+ 39. Ke2 Re4+ 40. Kd2 1-0

[Event "24th ch-EUR Indiv w 2024"]
[Site "Rhodes GRE"]
[Date "2024.04.28"]
[Round "9.19"]
[White "Lach, Aleksandra"]
[Black "Brunello, Marina"]
[Result "1/2-1/2"]
[WhiteTitle "WIM"]
[BlackTitle "IM"]
[WhiteElo "2292"]
[BlackElo "2353"]
[WhiteFideId "1134299"]
[BlackFideId "822590"]
[EventDate "2024.04.19"]

1. Nf3 Nf6 2. g3 b6 3. Bg2 Bb7 4. d3 g6 5. e4 d6 6. O-O Bg7 7. Re1 O-O 8. c3
Nbd7 9. a4 a5 10. h3 e5 11. g4 Rb8 12. c4 Nc5 13. Nc3 Ne6 14. Ne2 h5 15. Nh2 h4
16. f4 exf4 17. Nxf4 Nd4 18. Ne2 Nd7 19. Be3 Ne6 20. d4 c5 21. d5 Ng5 22. Qd2
Bf6 23. Rf1 Be7 24. Rf2 Ne5 25. b3 Nh7 26. Raf1 Bg5 27. Nf3 Nxf3+ 28. Rxf3 Bxe3+
29. Qxe3 Qe7 30. Nc3 Rbe8 31. Qf4 Ba6 32. R3f2 Kg7 33. Nb1 f6 34. Nd2 Ng5 35.
Kh1 Bc8 36. Rg1 Qe5 37. Qxe5 fxe5 1/2-1/2

[Event "24th ch-EUR Indiv w 2024"]
[Site "Rhodes GRE"]
[Date "2024.04.28"]
[Round "9.20"]
[White "Hrebenshchykova, Yelyzaveta"]
[Black "Mammadova, Gulnar"]
[Result "1-0"]
[WhiteTitle "WIM"]
[BlackTitle "IM"]
[WhiteElo "2289"]
[BlackElo "2352"]
[WhiteFideId "14159899"]
[BlackFideId "13403508"]
[EventDate "2024.04.19"]

1. e4 e5 2. Nf3 Nc6 3. Bb5 a6 4. Ba4 Nf6 5. O-O Be7 6. Re1 b5 7. Bb3 O-O 8. d3
d5 9. exd5 Nxd5 10. Nxe5 Nxe5 11. Rxe5 c6 12. Nd2 Bd6 13. Re1 Qh4 14. g3 Qh3 15.
Ne4 Bc7 16. c4 bxc4 17. dxc4 Nb4 18. Bg5 Bg4 19. f3 f5 20. Nf2 Qh5 21. fxg4 Qxg5
22. a3 Rad8 23. Qe2 f4 24. Ne4 Qa5 25. axb4 Qxb4 26. Ba2 f3 27. c5+ Kh8 28. Qf2
Be5 29. Kh1 Bd4 30. Qc2 Rde8 31. Rf1 h6 32. Bb1 g6 33. Ra3 f2 34. Rb3 Qe1 35.
Kg2 Re7 36. Qd3 Bg7 37. Rb6 Ref7 38. Qd2 Qxd2 39. Nxd2 Bd4 40. Rxc6 Bxb2 41.
Rxg6 a5 42. Rxh6+ Kg7 43. Rh7+ 1-0

[Event "24th ch-EUR Indiv w 2024"]
[Site "Rhodes GRE"]
[Date "2024.04.28"]
[Round "9.21"]
[White "Velikic, Adela"]
[Black "Garcia Martin, Marta"]
[Result "1-0"]
[WhiteTitle "WIM"]
[BlackTitle "IM"]
[WhiteElo "2258"]
[BlackElo "2349"]
[WhiteFideId "913553"]
[BlackFideId "32084030"]
[EventDate "2024.04.19"]

1. c4 g6 2. Nc3 Bg7 3. d4 c5 4. e3 Nf6 5. d5 d6 6. Be2 O-O 7. Nf3 e6 8. e4 exd5
9. cxd5 b5 10. Nxb5 Nxe4 11. O-O a6 12. Na3 Nd7 13. Nc4 Nb6 14. Re1 f5 15. Rb1
Bd7 16. Bf4 Nxc4 17. Bxc4 g5 18. Nxg5 Nxg5 19. Bxd6 Ne4 20. Be7 Qe8 21. Bxc5
Nxc5 22. Rxe8 Raxe8 23. f3 Re5 24. Qd2 Rfe8 25. Qa5 Bh6 26. Kf1 Be3 27. Qc7 Bb5
28. Bxb5 axb5 29. d6 Ne6 30. Qc3 Bd4 31. Qb3 Kg7 32. Rd1 Bb6 33. d7 Re7 34. Qc3
Nd4 35. Rxd4 b4 36. Qxb4 Bd8 37. Qc3 Kf7 38. Rd1 Re3 39. Qc8 1-0

[Event "24th ch-EUR Indiv w 2024"]
[Site "Rhodes GRE"]
[Date "2024.04.28"]
[Round "9.22"]
[White "Kulon, Klaudia"]
[Black "Schulze, Lara"]
[Result "1-0"]
[WhiteTitle "IM"]
[BlackTitle "FM"]
[WhiteElo "2348"]
[BlackElo "2290"]
[WhiteFideId "1131044"]
[BlackFideId "12956830"]
[EventDate "2024.04.19"]

1. c4 e6 2. Nf3 d5 3. e3 Nf6 4. b3 Nbd7 5. Bb2 Bd6 6. d4 b6 7. Nc3 Bb7 8. Be2
O-O 9. O-O a6 10. Rc1 Ne4 11. Na4 Re8 12. Rc2 Qe7 13. Qa1 f6 14. Rfc1 dxc4 15.
bxc4 c5 16. Ba3 cxd4 17. Bxd6 Qxd6 18. exd4 e5 19. Nxb6 Qxb6 20. c5 Nexc5 21.
dxc5 Qc6 22. Rd2 Rac8 23. Qb1 Kh8 24. Nh4 Rc7 25. Qf5 g6 26. Qh3 Kg7 27. Qg3 Kh8
28. Bf3 e4 29. Rd6 Qb5 30. Bd1 Rxc5 31. Rxc5 Nxc5 32. Qc3 Rf8 33. g4 Nd7 34. Qc7
Bc8 35. Ng2 Qe5 36. Rxd7 Bxd7 37. Qxd7 Rb8 38. Ne3 Rb1 39. Kg2 Qa1 40. Qe8+ Kg7
41. Qe7+ Kh6 42. h4 Rxd1 43. Qf8# 1-0